000 01208nam0a22002771 4500
001 rc\1153159
005 20041129084741.1
035 _a(NLR Aleph) 006398415
090 _a5220007
_c5220007
100 _a20041129d1980 u |0rusy50 ca
101 0 _arus
102 _aRU
105 _aa |||||||||
200 1 _aПарогенератры сверхкритического давления
_e[Учеб. пособие для вузов по спец. "Парогенераторостроение" и "Тепловые электр. станции"]
_fА.П. Орнатский, Ю.Г. Дашкиев, В.Г. Перков
_gПод общ. ред. А.П. Орнатского
210 _aКиев
_cВища школа
_d1980
215 _a287 с.
_cил.
_d22
320 _aБиблиогр.: с. 279-284 (129 назв.)
320 _aПредм. указ.: с. 285-287
700 1 _aОрнатский
_bА. П.
_gАнтон Павлович
701 1 _aДашкиев
_bЮ. Г.
_gЮрий Георгиевич
701 1 _aПерков
_bВ. Г.
_gВасилий Герасимович
801 0 _aRU
_bNLR
_gpsbo
801 1 _aRU
_bELAR
_2rusmarc
852 _aNLR
_j80-5/5656
942 _cBOOK
980 _aNB